Математическое моделирование процессов самоочищения сточных вод; Энергетика: экология, надежность, безопасность

Dades bibliogràfiques
Parent link:Энергетика: экология, надежность, безопасность.— 2010.— [С. 184-187]
Autor principal: Дорощук Е. В.
Altres autors: Михайлов М. Д.
Sumari:Заглавие с экрана.
Электронная версия печатной публикации
Idioma:rus
Publicat: 2010
Matèries:
Accés en línia:http://www.lib.tpu.ru/fulltext/v/Conferences/2010/K02/4064.pdf
Format: MixedMaterials Electrònic Capítol de llibre
KOHA link:https://koha.lib.tpu.ru/cgi-bin/koha/opac-detail.pl?biblionumber=205226

MARC

LEADER 00000naa2a2200000 4500
001 205226
005 20260203113404.0
035 |a (RuTPU)RU\TPU\book\223684 
035 |a RU\TPU\book\223681 
090 |a 205226 
100 |a 20111207d2010 k y0rusy50 ca 
101 0 |a rus 
102 |a RU 
135 |a drnn ---uucaa 
181 0 |a i  
182 0 |a b 
200 1 |a Математическое моделирование процессов самоочищения сточных вод  |f Е. В. Дорощук, М. Д. Михайлов 
203 |a Текст  |c электронный 
215 |a 1 файл (372 Кб) 
300 |a Заглавие с экрана. 
300 |a Электронная версия печатной публикации 
337 |a Adobe Reader 
463 1 |0 (RuTPU)RU\TPU\book\205138  |t Энергетика: экология, надежность, безопасность  |o материалы докладов XVI Всероссийской научно-технической конференции, 8-10 декабря 2010 г., Томск  |f Национальный исследовательский Томский политехнический университет (ТПУ)); Российский фонд фундаментальных исследований (РФФИ); Томское профессорское собрание; Международная академия наук экологии и безопасности жизнедеятельности (МАНЭБ)  |v [С. 184-187]  |d 2010 
610 1 |a сточные воды 
610 1 |a самоочищение 
610 1 |a модель Моно 
610 1 |a модель Герберта 
610 1 |a моделирование 
610 1 |a математические модели 
610 1 |a дифференциальные уравнения 
610 1 |a электронный ресурс 
700 1 |a Дорощук  |b Е. В. 
701 1 |a Михайлов  |b М. Д. 
801 1 |a RU  |b 63413507  |c 20111130 
801 2 |a RU  |b 63413507  |c 20111207  |g RCR 
856 4 |u http://www.lib.tpu.ru/fulltext/v/Conferences/2010/K02/4064.pdf 
942 |c CF